000 00466cam a2200181ua 4500
001 10874
005 20260515114654.0
008 190425n ii |||gr||||Z||||||eng
020 _a9788131308691
040 _cMAIN
082 _a650.03
100 _aR J Reddy,
_eAuthor.
245 _aDictionary of business
_cBy R J Reddy
260 _aNew Delhi:
_bAPH publishing corporation,
_c2017.
300 _a256p.
653 _aManagement & auxiliary services
942 _cBK
999 _c9820
_d9820